Wireless Communications (Record no. 609878)

000 -LEADER
fixed length control field 00338nam a22001337a 4500
020 ## - INTERNATIONAL STANDARD BOOK NUMBER
International Standard Book Number 9780521837163
040 ## - CATALOGING SOURCE
Transcribing agency NUST
082 ## - DEWEY DECIMAL CLASSIFICATION NUMBER
Classification number 621.382
Author Mark GOL
100 ## - MAIN ENTRY--PERSONAL NAME
Personal name Goldsmith , Andrea
9 (RLIN) 97325
245 ## - TITLE STATEMENT
Title Wireless Communications
260 ## - PUBLICATION, DISTRIBUTION, ETC.
Place of publication, distribution, etc. New York:
Name of publisher, distributor, etc. Cambridge,
Date of publication, distribution, etc. 2013.
650 ## - SUBJECT ADDED ENTRY--TOPICAL TERM
Topical term or geographic name entry element Wireless Communications
9 (RLIN) 56903
942 ## - ADDED ENTRY ELEMENTS (KOHA)
Source of classification or shelving scheme
Koha item type Reference
Holdings
Withdrawn status Lost status Source of classification or shelving scheme Damaged status Not for loan Permanent Location Current Location Shelving location Date acquired Full call number Barcode Date last seen Price effective from Koha item type Total Checkouts
          College of Electrical & Mechanical Engineering (CEME) College of Electrical & Mechanical Engineering (CEME) Text Books 06/26/2024 621.382 GOL CEME- 49678 06/26/2024 06/26/2024 Reference  
          College of Electrical & Mechanical Engineering (CEME) College of Electrical & Mechanical Engineering (CEME) Text Books 06/26/2024 621.382 GOL SCB- 49678 06/26/2024 06/26/2024 Reference  
© 2023 Central Library, National University of Sciences and Technology. All Rights Reserved.